| 000 -CABECERA |
| campo de control de longitud fija |
00926nam a2200241 a 4500 |
| 001 - NÚMERO DE CONTROL |
| campo de control |
000087031 |
| 005 - FECHA Y HORA DE LA ÚLTIMA TRANSACCIÓN |
| campo de control |
20200120224932.0 |
| 008 - DATOS DE LONGITUD FIJA--INFORMACIÓN GENERAL |
| campo de control de longitud fija |
190704s1999 ck dr| ||| p spa d |
| 020 ## - NÚMERO INTERNACIONAL ESTÁNDAR DEL LIBRO |
| Número Internacional Estándar del Libro |
9789583006517 |
| 041 0# - CÓDIGO DE LENGUA |
| Código de lengua del texto/banda sonora o título independiente |
spa |
| 090 ## - LOCALMENTE ASIGNADO TIPO-LC NÚMERO DE CLASIFICACIÓN (OCLC); NÚMERO DE CLASIFICACIÓN LOCAL (RLIN) |
| Número de clasificación (OCLC) (R) ; Numero de clasificación, CALL (RLIN) (NR) |
P |
| Número cutter local (OCLC) ; Número de libro/Signatura topográfica íntegra, CALL (RLIN) |
POEen |
| 245 10 - MENCIÓN DE TÍTULO |
| Título |
Poemas encantados y canciones de cuna : |
| Resto del título |
antología colombiana de poesía infantil / |
| Mención de responsabilidad, etc. |
selección Carlos Nicolás Hernández, Sonia Nadhezda Truque ; ilustraciones Marcela Salas. |
| 250 ## - MENCIÓN DE EDICIÓN |
| Mención de edición |
Dirección editorial Alberto Ramírez Santos. |
| 260 ## - PUBLICACIÓN, DISTRIBUCIÓN, ETC. |
| Lugar de publicación, distribución, etc. |
Bogotá : |
| Nombre del editor, distribuidor, etc. |
Panamericana, |
| Fecha de publicación, distribución, etc. |
1999. |
| 300 ## - DESCRIPCIÓN FÍSICA |
| Extensión |
69 páginas. |
| 490 #0 - MENCIÓN DE SERIE |
| Mención de serie |
Colección Corcel |
| 650 14 - PUNTO DE ACCESO ADICIONAL DE MATERIA--TÉRMINO DE MATERIA |
| Término de materia o nombre geográfico como elemento de entrada |
Poesía infantil colombiana |
| Subdivisión de forma |
Colecciones. |
| 650 24 - PUNTO DE ACCESO ADICIONAL DE MATERIA--TÉRMINO DE MATERIA |
| Término de materia o nombre geográfico como elemento de entrada |
Literatura infantil colombiana |
| 700 1# - PUNTO DE ACCESO ADICIONAL--NOMBRE DE PERSONA |
| Nombre de persona |
Hernández Camacho, Carlos Nicolás, |
| Fechas asociadas al nombre |
1953- |
| Término indicativo de función/relación |
compilador |
| 700 1# - PUNTO DE ACCESO ADICIONAL--NOMBRE DE PERSONA |
| Nombre de persona |
Truque, Sonia Nadhezda, |
| Término indicativo de función/relación |
compilador |
| 700 1# - PUNTO DE ACCESO ADICIONAL--NOMBRE DE PERSONA |
| Nombre de persona |
Ramírez Santos, Alberto, |
| Término indicativo de función/relación |
editor. |
| 700 1# - PUNTO DE ACCESO ADICIONAL--NOMBRE DE PERSONA |
| Nombre de persona |
Salas, Marcela, |
| Término indicativo de función/relación |
ilustrador. |